[Event "17th Belgrade Trophy"]
[Site "Obrenovac SCG"]
[Date "2004.11.29"]
[Round "8"]
[White "Grigore,N"]
[Black "Rajkovic,Du"]
[Result "1/2-1/2"]
[WhiteElo "2354"]
[BlackElo "2430"]

1.e4 c5 2.c3 Nf6 3.e5 Nd5 4.d4 cxd4 5.Nf3 e6 6.cxd4 d6 7.Bc4 Nc6 8.Qe2 dxe5
9.dxe5 Na5 10.Bb5+ Bd7 11.O-O Be7 12.Bd2 Nc6 13.Nc3 Nxc3 14.bxc3 Qc7 15.Rab1 Rc8
16.Qe4 b6 17.Qg4 g6 18.Bh6 Nb8 19.Bxd7+ Nxd7 20.Qf4 Qc4 21.Nd4 Rc5 22.Bg7 Rg8
23.Qh6 Bf8 24.Bxf8 Nxf8 25.Rfe1 g5 26.a4 Qxa4 27.g3 Rg6 28.Qh5 g4 29.Ne2 Qd7
30.Nf4 Rg8 31.Rbd1 Qe7 32.Nd3 Rc7 33.h4 gxh3 34.Qxh3 Ng6 35.Qh1  1/2-1/2

[Event "TCh-SLO"]
[Site "Celje SLO"]
[Date "2004.12.02"]
[Round "5"]
[White "Gjuran,D"]
[Black "Mihevc,I"]
[Result "1-0"]
[WhiteElo "2285"]
[BlackElo "2214"]

1.e4 c5 2.c3 Nf6 3.e5 Nd5 4.d4 cxd4 5.Nf3 Nc6 6.cxd4 d6 7.Bc4 Nb6 8.Bb5 dxe5
9.Nxe5 Bd7 10.Nc3 Nxe5 11.dxe5 Bxb5 12.Nxb5 Qxd1+ 13.Kxd1 O-O-O+ 14.Ke2 Rd5
15.a4 a6 16.Be3 Rxe5 17.Rac1+ Kb8 18.Rhd1 axb5 19.Rd8+ Ka7 20.axb5 Rxe3+
21.fxe3 Nd5 22.Rxd5 g6 23.Rd7  1-0

[Event "TCh-SLO"]
[Site "Celje SLO"]
[Date "2004.12.02"]
[Round "5"]
[White "Praznik,N"]
[Black "Tratar,M"]
[Result "1-0"]
[WhiteElo "2323"]
[BlackElo "2473"]

1.e4 c5 2.c3 Nf6 3.e5 Nd5 4.Nf3 Nc6 5.Na3 g6 6.g3 Bg7 7.Bg2 d6 8.exd6 Qxd6
9.O-O O-O 10.d4 cxd4 11.Nb5 Qc5 12.Nbxd4 e5 13.Nb3  1-0

[Event "TCh-SLO"]
[Site "Celje SLO"]
[Date "2004.12.03"]
[Round "6"]
[White "Sermek,D"]
[Black "Polajzer,D"]
[Result "1-0"]
[WhiteElo "2547"]
[BlackElo "2382"]

1.e4 c5 2.c3 Nf6 3.e5 Nd5 4.Nf3 e6 5.d4 cxd4 6.cxd4 d6 7.Bc4 Be7 8.O-O O-O
9.Qe2 Bd7 10.Nc3 Nxc3 11.bxc3 Bc6 12.Bf4 Bxf3 13.Qxf3 Nc6 14.exd6 Bxd6 15.Bd2 Qc7
16.Bd3 Bxh2+ 17.Kh1 Bd6 18.g3 Qa5 19.Rfd1 Rab8 20.Kg2 g6 21.a4 Qd5 22.Be4 Qc4
23.Bh6 Rfe8 24.Qf6 Be5 25.Qh4 f5 26.Bf3 Bg7 27.Bxg7 Kxg7 28.Rh1 Rh8 29.Qh6+ Kf7
30.Rae1 Ne7 31.Re5 Rbd8 32.Rhe1 Rd6 33.d5 Nxd5 34.Bxd5 Rxd5 35.Rxe6 Rd7 36.Rxg6 hxg6
37.Qxh8 Qd5+ 38.Kg1 Qd6 39.Re8 Re7 40.Rf8+  1-0

[Event "Open"]
[Site "Porec HUN"]
[Date "2004.12.04"]
[Round "5"]
[White "Zufic,M"]
[Black "Fercec,N"]
[Result "1/2-1/2"]
[WhiteElo "2370"]
[BlackElo "2477"]

1.e4 c5 2.c3 Nf6 3.e5 Nd5 4.d4 cxd4 5.Nf3 e6 6.cxd4 d6 7.Bc4 Nc6 8.O-O Be7
9.Qe2 dxe5 10.dxe5 O-O 11.Nc3 Nxc3 12.bxc3 Qa5  1/2-1/2

[Event "Region Champ"]
[Site "Voronezh RUS"]
[Date "2004.12.05"]
[Round "3"]
[White "Kostin,Alexe"]
[Black "Belikov,V"]
[Result "1/2-1/2"]
[WhiteElo "2387"]
[BlackElo "2506"]

1.e4 c5 2.c3 Nf6 3.e5 Nd5 4.d4 Nc6 5.Nf3 cxd4 6.Bc4 Nb6 7.Bb3 d6 8.exd6 Qxd6
9.O-O Be6 10.Bxe6 Qxe6 11.Nxd4 Nxd4 12.Qxd4 Qd7 13.Qxd7+ Nxd7 14.Be3 e6 15.Nd2 Bc5
16.Nc4 Bxe3 17.Nxe3 O-O-O 18.Rfd1 Nc5 19.Kf1 Kc7 20.Ke2 Na4 21.Rab1 b5 22.Rd2 f5
23.Rbd1 g6 24.f3 a6 25.Rxd8 Rxd8 26.Rxd8 Kxd8 27.Nd1 Kd7 28.b3 Nb6 29.Ne3 e5
30.Kd3 Kd6 31.g4 Ke6 32.c4 bxc4+ 33.Nxc4 Nd5  1/2-1/2

[Event "3rd Subasic Mem"]
[Site "Zenica BIH"]
[Date "2004.12.05"]
[Round "1"]
[White "Jurkovic,H"]
[Black "Zivanic,M"]
[Result "0-1"]
[WhiteElo "2448"]
[BlackElo "2435"]

1.e4 c5 2.c3 Nf6 3.e5 Nd5 4.d4 cxd4 5.Nf3 e6 6.cxd4 d6 7.Bc4 Nc6 8.O-O Nb6
9.Bb3 dxe5 10.dxe5 Qxd1 11.Rxd1 Na5 12.Bc2 Bd7 13.Nc3 Rc8 14.Nd4 Bb4 15.Ne4 Nac4
16.f4 Nd5 17.Kf2 O-O 18.g3 Rc7 19.a3 Ba5 20.Bb3 Bb6 21.Nd6 Nxd6 22.exd6 Rc6
23.Bxd5 exd5 24.Be3 Re8 25.Rac1 Rxd6 26.Rc3 h5 27.h4 Re4 28.b4 Ba4 29.Rdc1 Kh7
30.Rd3 Rd7 31.Kf3 Kg6 32.f5+ Kh7 33.f6 gxf6 34.Nf5 Bb5 35.Rd2 Re5 36.Nd4 Ba4
37.Rc3 Rde7 38.Bf4 Re1 39.Nf5 Rf1+ 40.Kg2 Ree1 41.Nd4 Rg1+ 42.Kf2 Bb5 43.Bc7 Ref1+
44.Ke3 Bxc7 45.Nxb5 Be5 46.Rc8 a6 47.Nd4 Rxg3+ 48.Ke2 Rf4  0-1

[Event "Open"]
[Site "Banja Luka BIH"]
[Date "2004.12.09"]
[Round "6"]
[White "Simic,Ze"]
[Black "Jakovljevic,Vlado"]
[Result "0-1"]
[WhiteElo "2179"]
[BlackElo "2410"]

1.e4 c5 2.c3 Nf6 3.e5 Nd5 4.Nf3 e6 5.Bc4 Nb6 6.Bb3 d6 7.d4 cxd4 8.cxd4 dxe5
9.dxe5 Qxd1+ 10.Bxd1 Na6 11.O-O Bd7 12.Be2 Nc5 13.Be3 Nd5 14.Bd2 Ne4 15.Bc1 Rc8
16.g3 Be7 17.Nbd2 Nc5 18.Nc4 h6 19.Ne3 Nb6 20.b3 O-O 21.Bb2 Bc6 22.Nd4 Be4
23.Rfd1 Rfd8 24.Rac1 Nd5 25.Nxd5 Bxd5 26.Nb5 a6 27.Nc3 Bc6 28.Rxd8+ Rxd8
29.Rd1 Rc8 30.Nb1 Kf8 31.Bd4 Rd8 32.Nc3 Ke8 33.Kf1 Ne4 34.Nxe4 Bxe4 35.Be3 Rc8
36.Rc1 Bc6 37.f3 h5 38.Kf2 g6 39.Bd3 Kd7 40.Rc2 Ke8 41.Bb6 Kd7 42.Ke3 Bd5
43.Rxc8 Kxc8 44.Be2 Kd7 45.Kd3 Bc6 46.Kc3 Bb5 47.Bd1 Kc6 48.Bf2 Kd5 49.f4 Ke4
50.Bb6 Bf1 51.b4 Bh3 52.Ba4 Bf5 53.Bc5 Bd8 54.b5 axb5 55.Bxb5 Kf3 56.Bf1 h4
57.gxh4 Bxh4 58.Kc4 Kxf4 59.Bd4 Bd8 60.Bf2  0-1

[Event "Bykova Mem"]
[Site "Vladimir RUS"]
[Date "2004.12.10"]
[Round "4"]
[White "Burtasova,A"]
[Black "Shukurova,M"]
[Result "1-0"]
[WhiteElo "2273"]
[BlackElo "2281"]

1.e4 c5 2.c3 Nf6 3.e5 Nd5 4.d4 cxd4 5.Nf3 Nc6 6.Bc4 e6 7.cxd4 d6 8.exd6 Bxd6
9.O-O O-O 10.Nc3 Nxc3 11.bxc3 Qc7 12.Bd3 Bf4 13.Re1 Ne7 14.Ng5 g6 15.h4 Nd5
16.c4 Nf6 17.Bb2 h6 18.Nh3 Nh5 19.Qf3 Rd8 20.g3 Bd6 21.Bc1 Bf8 22.g4 Ng7
23.Bf4 Qa5 24.Be5 Ne8 25.h5 Bg7 26.hxg6 f6 27.g5 hxg5 28.Nxg5 Qd2 29.Nf7 Rd7
30.Bf4 Qc3 31.Rac1 Qa3 32.Rxe6 Re7 33.Rxe7 Qxe7 34.Qh5 Be6 35.Nh6+ Kf8 36.Re1 Qa3
37.Rxe6 Qxd3 38.Qc5+  1-0

[Event "3rd Subasic Mem"]
[Site "Zenica BIH"]
[Date "2004.12.10"]
[Round "8"]
[White "Jurkovic,H"]
[Black "Radic,B"]
[Result "1/2-1/2"]
[WhiteElo "2448"]
[BlackElo "2100"]

1.e4 c5 2.c3 Nf6 3.e5 Nd5 4.d4 cxd4 5.Nf3 e6 6.cxd4 Nc6 7.Bc4 d6 8.O-O Nb6
9.Bd3 Bd7 10.exd6 Bxd6 11.Nc3 Nb4 12.Ne4 Be7 13.Bb1 O-O 14.Ne5 Bb5 15.Re1 Nc6
16.Nc3 Nxe5 17.Rxe5 Bc6 18.Rh5 f5 19.Qe2 Qd6 20.Rh3 Bf6 21.Bc2 Nd5 22.Qh5 h6
23.Rg3  1/2-1/2

[Event "Open"]
[Site "Banja Luka BIH"]
[Date "2004.12.11"]
[Round "8"]
[White "Savic,Miod1"]
[Black "Stojanovic,Da"]
[Result "1/2-1/2"]
[WhiteElo "2503"]
[BlackElo "2442"]

1.e4 c5 2.c3 Nf6 3.e5 Nd5 4.Nf3 e6 5.g3 Nc6 6.Bg2 Qc7 7.Qe2 d6 8.exd6 Bxd6
9.Na3 a6 10.Nc4 b5 11.Nxd6+ Qxd6 12.a4 b4  1/2-1/2

[Event "Bykova Mem"]
[Site "Vladimir RUS"]
[Date "2004.12.12"]
[Round "6"]
[White "Burtasova,A"]
[Black "Dembo,Y"]
[Result "1/2-1/2"]
[WhiteElo "2273"]
[BlackElo "2396"]

1.e4 c5 2.c3 Nf6 3.e5 Nd5 4.d4 cxd4 5.Nf3 Nc6 6.Bc4 e6 7.cxd4 d6 8.exd6 Bxd6
9.O-O O-O 10.Re1 Nce7 11.Nbd2 Qc7 12.a3 b6 13.Ba2 Bb7 14.Ne4 h6 15.Qd3 Bf4
16.g3 Bxc1 17.Raxc1 Qd8 18.Bb1 f5 19.Ned2 Rf6 20.Ne5 Qe8 21.Ndc4 Rd8 22.Bc2 Rf8
23.Qd1 Ba8 24.Bb3 b5 25.Ne3 Rc8 26.Nd3 Kh7 27.Nxd5 Nxd5 28.Nc5 Rf6 29.Nd3 Rd8
30.Re5 f4 31.Qe2 fxg3 32.fxg3 Qf7 33.Re1 Nc7 34.Nc5 Rxd4 35.Nxe6 Nxe6 36.Rxe6 Rxe6
37.Bxe6 Qf3  1/2-1/2

[Event "Open"]
[Site "Zadar CRO"]
[Date "2004.12.14"]
[Round "3"]
[White "Pavasovic,D"]
[Black "Kutuzovic,B"]
[Result "1-0"]
[WhiteElo "2581"]
[BlackElo "2369"]

1.e4 c5 2.c3 Nf6 3.e5 Nd5 4.Nf3 d6 5.d4 cxd4 6.cxd4 Nc6 7.Bc4 Nb6 8.Bb3 dxe5
9.d5 Na5 10.Nc3 Bg4 11.Ba4+ Nxa4 12.Qxa4+ Bd7 13.Qe4 f6 14.Be3 Rc8 15.Nd2 b5
16.O-O Nc4 17.Nxc4 Rxc4 18.Qd3 a6 19.a4 g6 20.axb5 axb5 21.Ra7 Bg7 22.d6 e6
23.Nxb5 Rc8 24.Nc7+ Kf7 25.Nxe6 Kxe6 26.Qb3+ Kf5 27.Bb6  1-0

[Event "XVII Torre Mem"]
[Site "Yucatan MEX"]
[Date "2004.12.15"]
[Round "4"]
[White "Prasca,R"]
[Black "Martin del Campo,J"]
[Result "1-0"]
[WhiteElo "2396"]
[BlackElo "2310"]

1.e4 c5 2.c3 Nf6 3.e5 Nd5 4.d4 cxd4 5.cxd4 d6 6.Nf3 Nc6 7.Bc4 Nb6 8.Bb5 dxe5
9.Nxe5 Bd7 10.Nc3 e6 11.Qg4 h5 12.Qe4 Nxe5 13.dxe5 Bxb5 14.Nxb5 Nd5 15.O-O Qd7
16.Nc3 Nxc3 17.bxc3 Bc5 18.Bg5 Qc6 19.Qh4 Qd5 20.Rfe1 Qd3 21.Rad1 Qf5 22.Qa4+ Kf8
23.Be3 Qxe5 24.Qb5 b6 25.Qc6 Re8 26.Bd4 Qf5 27.Qb7 Rh6 28.Re3 Bxd4 29.Rf3 Qg6
30.cxd4 Kg8 31.Qxa7 Qc2 32.Qxf7+ Kh7 33.Rf1 Ra8 34.Rg3 Rg6 35.Qf3 Ra5 36.a3 Qf5
37.Qe3 Rd5 38.Re1 Qf6 39.Rxg6 Qxg6 40.g3 Qf6 41.Qxe6 Qxd4 42.Re4 Qd3 43.Re5 Rc5
44.Kg2 Ra5 45.Qe8 Rxe5 46.Qxe5 Qxa3 47.Qxh5+ Kg8 48.Qe8+ Kh7 49.Qe4+ Kg8
50.Qc4+ Kh7 51.Qh4+ Kg6 52.Qe4+ Kf7 53.Qb7+ Kg8 54.Qxb6 Qa8+ 55.Kh3 Qc8+
56.g4 Qc1 57.Qe6+ Kh8 58.Kg2 Qb2 59.Qe8+ Kh7 60.Qe4+ Kh8 61.g5 Qb5 62.g6 Qd5
63.f3 Qd2+ 64.Kh3 Qd7+ 65.Qg4 Qe6 66.f4 Qe3+ 67.Kh4 Qf2+ 68.Qg3 Qb6 69.Kh3 Qb2
70.Qh4+ Kg8 71.Qd8+  1-0

[Event "Open"]
[Site "Zadar CRO"]
[Date "2004.12.16"]
[Round "5"]
[White "Turbuk,V"]
[Black "Guid,M"]
[Result "0-1"]
[WhiteElo "2113"]
[BlackElo "2258"]

1.e4 c5 2.c3 Nf6 3.e5 Nd5 4.d4 cxd4 5.cxd4 Nc6 6.Bc4 Nb6 7.Bb3 d6 8.exd6 Qxd6
9.Be3 Be6 10.Nf3 Bxb3 11.Qxb3 e6 12.O-O Be7 13.Nc3 O-O 14.Rfd1 Rfd8 15.Rd2 Na5
16.Qd1 Nac4 17.Re2 Rac8 18.Qd3 Qb4 19.Nd1 h6 20.a3 Qb5 21.Nc3 Qb3 22.Qd1 Qxd1+
23.Nxd1 Bf6 24.Rc2 Na5 25.Rxc8 Rxc8 26.Rc1 Rd8 27.Nc3 Nb3 28.Rd1 Nc4 29.Ne4 Be7
30.Rd3 Nba5 31.b4 Nc6 32.Rc3 b5 33.Ned2 Nxd2 34.Rxc6 Nxf3+ 35.gxf3 Rd7 36.Rc8+ Bd8
37.Rb8 Rd5 38.Kf1 g5 39.h4 gxh4 40.Bxh6 Kh7 41.Be3 Kg7 42.Kg2 Bb6 43.Rb7 Kf6
44.Kh3 Rf5 45.Kg4 h3 46.Kxh3 Rxf3+ 47.Kg4 Rf5 48.f4 Rd5 49.Bf2 Kg6 50.Be3 Rd6
51.Kf3 Rd5 52.Ke4 f5+ 53.Kd3 Rd8 54.Re7 Kf6 55.Rh7 Rg8 56.Rh6+ Rg6 57.Rxg6+ Kxg6
58.Bf2 Kh5 59.Be3 Kg4 60.Ke2 Kg3  0-1

[Event "Master Open"]
[Site "Singapore SIN"]
[Date "2004.12.17"]
[Round "8"]
[White "Lim Yee Weng"]
[Black "Goh Koon Jong,J"]
[Result "1/2-1/2"]
[WhiteElo "2346"]
[BlackElo "2419"]

1.e4 c5 2.c3 Nf6 3.e5 Nd5 4.d4 cxd4 5.Nf3 Nc6 6.Bc4 Nb6 7.Bb3 d5 8.exd6 Qxd6
9.O-O Be6 10.Na3 dxc3 11.Qe2 Bxb3 12.Nb5 Qb8 13.axb3 g6 14.Be3 Nd5 15.Bxa7 cxb2
16.Qxb2 Nxa7 17.Rxa7 Rxa7 18.Nxa7 f6 19.Qd4  1/2-1/2

[Event "Amplico AIG Life"]
[Site "Warsaw POL"]
[Date "2004.12.18"]
[Round "8"]
[White "Zhigalko,S"]
[Black "Jakubiec,A"]
[Result "1/2-1/2"]
[WhiteElo "2473"]
[BlackElo "2565"]

1.e4 c5 2.c3 Nf6 3.e5 Nd5 4.Nf3 d6 5.Bc4 e6 6.d4 cxd4 7.cxd4 dxe5 8.dxe5 Bb4+
9.Nbd2 O-O 10.O-O Nb6 11.Bb3 Bd7 12.Qe2 Bc6 13.Ne4 N8d7 14.Rd1 Qc7 15.Bf4 Nc5
16.Nxc5 Bxc5 17.Rac1 Be7 18.Nd4 Rfd8 19.Nxc6 bxc6 20.Qe4 c5 21.g3 Rxd1+ 22.Rxd1 Rd8
23.Rxd8+ Bxd8 24.Be3 Be7 25.h4 g6 26.h5 Bf8 27.Kg2 Bg7 28.f4 Bf8 29.g4 c4
30.Bxb6 Qxb6 31.Qxc4 Qe3 32.hxg6 hxg6 33.f5 gxf5 34.gxf5 Qg5+ 35.Kh3  1/2-1/2

[Event "Revolution Mem"]
[Site "Bucharest ROM"]
[Date "2004.12.19"]
[Round "6"]
[White "Raut,C"]
[Black "Partac,E"]
[Result "0-1"]
[WhiteElo "2254"]
[BlackElo "2259"]

1.e4 c5 2.c3 Nf6 3.e5 Nd5 4.d4 cxd4 5.Nf3 e6 6.cxd4 d6 7.Bc4 Nc6 8.O-O Be7
9.Qe2 O-O 10.Nc3 Nxc3 11.bxc3 dxe5 12.dxe5 Qa5 13.Qe4 Qa4 14.Qe2 Rd8 15.Re1 Bd7
16.Ng5 h6 17.Nh3 Na5 18.Bd3 Bc6 19.c4 Nb3 20.Rb1 Nxc1 21.Rbxc1 Rd4 22.Bc2 Qb4
23.Bb1 Rd2 24.Qg4 Rad8 25.Nf4 Qc5 26.Qg3 Bg5 27.Nh5 Qd4 28.h3 Kh8 29.Rf1 g6
30.Nf6 Bh4 31.Qg4 Bxf2+ 32.Kh1 Qxe5 33.Ne4 f5 34.Qxg6 fxe4 35.Qxh6+ Kg8 36.Qg6+ Qg7
37.Qxe6+ Kh8 38.Qf5 e3 39.Qh5+ Kg8 40.Bf5  0-1

[Event "zt 3.1"]
[Site "Beirut LIB"]
[Date "2004.12.20"]
[Round "8"]
[White "Hussein,NA"]
[Black "Al Modiahki,M"]
[Result "0-1"]
[WhiteElo "2349"]
[BlackElo "2577"]

1.e4 c5 2.c3 Nf6 3.e5 Nd5 4.d4 cxd4 5.Nf3 e6 6.cxd4 b6 7.Nc3 Nxc3 8.bxc3 Qc7
9.Bd2 Bb7 10.Bd3 d6 11.O-O Nd7 12.Bf4 Be7 13.Re1 O-O 14.Qc2 g6 15.exd6 Bxd6
16.Bxd6 Qxd6 17.Be4 Bd5 18.Qd2 Rac8 19.Rac1 Rfd8 20.Qh6 Qf8 21.Qh4 Bxe4 22.Rxe4 Qg7
23.Re3 Nf6 24.Ne5 g5 25.Qg3 Rxd4 26.Rf1 Rf4 27.Nd3 Rfc4 28.f4 Nd5 29.Re5 gxf4
30.Qh3 Rxc3 31.Qh5 h6 32.Rxd5 exd5 33.Qxd5 Qg5 34.Ne5 Qf5 35.Qd4 Rc1 36.Nd7 Rxf1+
37.Kxf1 Rc1+ 38.Kf2 Qc2+ 39.Kf3 Rf1+  0-1

[Event "20th Open"]
[Site "Nice FRA"]
[Date "2004.12.26"]
[Round "1"]
[White "Bonnet,P"]
[Black "Dunis,A"]
[Result "0-1"]
[WhiteElo "2102"]
[BlackElo "2461"]

1.e4 c5 2.c3 Nf6 3.e5 Nd5 4.d4 cxd4 5.cxd4 d6 6.Nf3 e6 7.Nc3 Nxc3 8.bxc3 Nd7
9.Ba3 Qc7 10.Qd2 dxe5 11.Bxf8 Kxf8 12.Rd1 e4 13.Ne5 f6 14.Ng4 Kf7 15.Be2 b6
16.O-O Bb7 17.Ne3 Rhe8 18.d5 exd5 19.Nxd5 Qc5 20.Bh5+ g6 21.Qh6 Nf8 22.Nf4 Rad8
23.Nxg6 hxg6 24.Bxg6+ Nxg6 25.Qh7+ Ke6 26.Qxb7 Re7 27.Qxe4+ Kf7 28.Qf3 Rxd1
29.Rxd1 Qc4 30.h3 Qe4 31.Qh5 Kg7 32.Rf1 Qxg2+  0-1

[Event "20th Open"]
[Site "Nice FRA"]
[Date "2004.12.27"]
[Round "3"]
[White "Dubois,M"]
[Black "Dunis,A"]
[Result "0-1"]
[WhiteElo "2029"]
[BlackElo "2461"]

1.e4 c5 2.c3 Nf6 3.e5 Nd5 4.d4 cxd4 5.cxd4 d6 6.Nf3 Nc6 7.Bc4 Nb6 8.Bb3 dxe5
9.d5 Na5 10.Nc3 e6 11.Bg5 Be7 12.Bxe7 Qxe7 13.d6 Qf6 14.Ne4 Qf4 15.d7+ Bxd7
16.Nd6+ Ke7 17.O-O e4 18.Ng5 Qxg5 19.Nxe4 Qe5 20.Re1 Rhd8 21.Qd2 Nc6 22.Nc3 Be8
23.Nd5+ Rxd5 24.Bxd5 Qxd5  0-1

[Event "Asian Juniors Girls"]
[Site "Bikaner IND"]
[Date "2004.12.28"]
[Round "9"]
[White "Hallaeva,B"]
[Black "Soumya,S"]
[Result "0-1"]
[WhiteElo "2153"]
[BlackElo "2137"]

1.e4 c5 2.c3 Nf6 3.e5 Nd5 4.d4 cxd4 5.Nf3 e6 6.cxd4 b6 7.Bd3 Bb7 8.O-O d6
9.Qe2 Be7 10.Bd2 Nd7 11.Rd1 dxe5 12.dxe5 O-O 13.Qe4 g6 14.Qg4 Qc7 15.Nc3 Nxe5
16.Nxe5 Qxe5 17.Nxd5 Bxd5 18.Bc3 Qg5 19.Qh3 Qh4 20.Qe3 Bc5 21.Qe2 f5 22.Qe1 f4
23.Rd2 Qg4 24.Bf1 Bxg2 25.Qe5 Bf3+  0-1

[Event "Russian Blitz Internet Cup Superfinal"]
[Site "chessassistantclub.com INT"]
[Date "2004.12.28"]
[Round "4"]
[White "Vlassov,N"]
[Black "Van Wely,L"]
[Result "1/2-1/2"]
[WhiteElo "2492"]
[BlackElo "2681"]

1.e4 c5 2.c3 Nf6 3.e5 Nd5 4.d4 cxd4 5.cxd4 d6 6.Nf3 Nc6 7.Bc4 Nb6 8.Bb3 dxe5
9.d5 Na5 10.Nc3 Nxb3 11.Qxb3 e6 12.Nxe5 exd5 13.Be3 Bd6 14.Qb5+ Kf8 15.O-O-O Be6
16.Rhe1 Bxe5 17.Bxb6 Qxb6 18.Qxb6 axb6 19.Rxe5 h5 20.a3 Rc8 21.Kb1 Rh6 22.Nxd5 Rc6
23.Nb4 Rc5 24.Re3 Rf6 25.f3 g5 26.Rd4 Kg7 27.Nd3 Bf5 28.Ka2 Rc2 29.Ne1 Rf2
30.h4 g4 31.fxg4 hxg4 32.Re5 Re6 33.Nd3 Rxe5 34.Nxf2 Re2 35.Nxg4 Rxg2 36.Ne3 Be6+
37.Kb1 Re2 38.Nc4 b5 39.Nd6 Bb3 40.Kc1 Rc2+ 41.Kb1 Rh2 42.Kc1 Rc2+ 43.Kb1 Rh2
44.Kc1 Rc2+  1/2-1/2

[Event "20th Open"]
[Site "Nice FRA"]
[Date "2004.12.28"]
[Round "5"]
[White "Di Lazzaro,G"]
[Black "Dunis,A"]
[Result "0-1"]
[WhiteElo "1992"]
[BlackElo "2461"]

1.e4 c5 2.c3 Nf6 3.e5 Nd5 4.d4 cxd4 5.Nf3 e6 6.cxd4 d6 7.Nc3 Nxc3 8.bxc3 Nd7
9.exd6 Bxd6 10.Bd3 Qc7 11.Bd2 b6 12.O-O Bb7 13.h3 O-O 14.Re1 Rac8 15.Qe2 Bf4
16.Bc1 Nf6 17.c4 Bxc1 18.Raxc1 Rfd8 19.Red1 Kf8 20.Bb1 Qf4 21.Qe3 Qxe3 22.fxe3 Rc7
23.Nd2 Rdc8 24.Kf2 g6 25.Bd3 e5 26.Be2 Rd8 27.d5 Rdc8 28.e4 Ne8 29.Bg4 Rd8
30.Nb3 Nd6 31.Nd2 Ba6 32.Be2 Rdc8 33.Rc2 b5 34.Rdc1 bxc4 35.Ke3 c3 36.Nb3 Bxe2
37.Rxe2 c2 38.Na5 Rc3+ 39.Kd2 R8c5 40.Nc6 f6 41.Nb4 R3c4 42.Rxc2 Rd4+ 43.Ke1 Rxc2
44.Nxc2 Rxe4 45.Rxe4 Nxe4 46.Ne3 Ke7 47.Nc4 Nc3 48.Na5 Kd6 49.Nc6 a6 50.Nb8 a5
51.Nc6 a4 52.Nb4 Nxd5 53.Nc2 Kc5 54.a3 Kc4 55.Kd2 Nf4 56.Ne3+ Kb3 57.Ng4 Kxa3
58.Kc2 Nd5 59.g3 e4  0-1

[Event "Lidums Australian Open"]
[Site "Mount Buller AUS"]
[Date "2004.12.31"]
[Round "4"]
[White "Xie,G"]
[Black "Kengis,E"]
[Result "0-1"]
[WhiteElo "2322"]
[BlackElo "2543"]

1.e4 c5 2.c3 Nf6 3.e5 Nd5 4.Nf3 e6 5.Bc4 d6 6.O-O Nc6 7.exd6 Bxd6 8.d4 cxd4
9.Nxd4 O-O 10.Nf5 exf5 11.Bxd5 Qc7 12.Qh5 Be6 13.Bb3 a5 14.Nd2 Ne5 15.h3 a4
16.Bc2 g6 17.Qh4 f6 18.Re1 g5 19.Qh5 Bc5 20.Nf1 Bf7 21.Qe2 Bc4 22.Qh5 Bf7
23.Qe2 f4 24.Nd2 Kh8 25.Ne4 f3 26.Qd1 Rad8 27.Bd2 fxg2 28.Nxc5 Rxd2  0-1

[Event "34th Rilton Cup"]
[Site "Stockholm SWE"]
[Date "2004.12.31"]
[Round "5"]
[White "McGowan,D"]
[Black "Haapasalo,JP"]
[Result "1/2-1/2"]
[WhiteElo "2098"]
[BlackElo "2182"]

1.e4 c5 2.c3 Nf6 3.e5 Nd5 4.Nf3 Nc6 5.d4 cxd4 6.cxd4 g6 7.Bc4 Nb6 8.Bb3 Bg7
9.O-O O-O 10.Bf4 d6 11.exd6 Bg4 12.dxe7 Qxe7 13.Be3 Nxd4 14.Bxd4 Bxf3 15.Qxf3 Bxd4  1/2-1/2

[Event "34th Rilton Cup"]
[Site "Stockholm SWE"]
[Date "2004.12.31"]
[Round "5"]
[White "Ullen,J"]
[Black "Wilsbeck,J"]
[Result "1-0"]
[WhiteElo "2128"]
[BlackElo "1947"]

1.e4 c5 2.c3 Nf6 3.e5 Nd5 4.d4 cxd4 5.Bc4 Nb6 6.Bb3 dxc3 7.Nxc3 Nc6 8.Nf3 e6
9.O-O a6 10.Bf4 Be7 11.Qe2 O-O 12.Rfd1 Na5 13.Bc2 f6 14.exf6 Bxf6 15.Qe4 g6
16.Bd6 Be7 17.Ne5 Bxd6 18.Rxd6 Rf5 19.Rad1 Qc7 20.Ng4 Nbc4 21.Nh6+ Kf8 22.Nxf5 gxf5
23.Qf4 Nxd6 24.Rxd6 Nc4 25.Qh6+ Ke7 26.Rd3 Qe5 27.Qh4+ Ke8 28.h3 Qe1+ 29.Kh2 Qe5+
30.f4 Qg7 31.Bd1 Qe7 32.Qf2 Nd6 33.Bh5+ Kf8 34.Qd4 Nf7 35.Rg3 e5 36.fxe5 Qxe5
37.Qc4 d5 38.Qc5+ Qd6 39.Qxd5 Qxd5 40.Nxd5 Be6 41.Nc7 f4 42.Nxe6+  1-0

[Event "Lidums Australian Open"]
[Site "Mount Buller AUS"]
[Date "2005.01.02"]
[Round "5"]
[White "D'Amore,C"]
[Black "Johansen,D"]
[Result "0-1"]
[WhiteElo "2448"]
[BlackElo "2483"]

1.e4 c5 2.c3 Nf6 3.e5 Nd5 4.Nf3 e6 5.d4 cxd4 6.Qxd4 Nc6 7.Qe4 f5 8.Qe2 Qc7
9.g3 d6 10.exd6 Bxd6 11.Bg2 O-O 12.O-O Nf6 13.Nbd2 e5 14.Nc4 e4 15.Ng5 h6
16.Rd1 Bc5 17.b4 hxg5 18.bxc5 f4 19.Bxe4 Bg4 20.Bf3 Rae8 21.Qd3 Rd8 22.Qe2 Rde8
23.Qd3 Rd8 24.Qe2 Rfe8 25.Rxd8 Qxd8 26.Bxg4 Rxe2 27.Bxe2 Qe7 28.Bf1 Qxc5
29.Ba3 Qd5 30.Re1 b5 31.Nd6 Ne5 32.Bg2 Nf3+ 33.Bxf3 Qxf3 34.Bb4 Qd5 35.Nc8 Qxa2
36.Ne7+ Kh7 37.gxf4 Ne4 38.Rf1 a5  0-1

[Event "34th Rilton Cup"]
[Site "Stockholm SWE"]
[Date "2005.01.02"]
[Round "6"]
[White "Stenson,J"]
[Black "Lohou,S"]
[Result "1/2-1/2"]
[WhiteElo "2099"]
[BlackElo "2167"]

1.e4 c5 2.c3 Nf6 3.e5 Nd5 4.d4 cxd4 5.Bc4 Nb6 6.Bb3 d5 7.exd6 Qxd6 8.Nf3 Nc6
9.O-O e6 10.cxd4 Be7 11.Nc3 O-O 12.a3 Qd8 13.Be3 Na5 14.Ba2 Nac4 15.Qe2 Nd6
16.Rad1 Bf6 17.Ne5 Bd7 18.Qg4 Rc8 19.Rfe1 Bc6 20.Bc1 Bd5 21.Nxd5 Nxd5 22.Bb1 Qc7
23.h4 Rfd8 24.h5 Nc4 25.Qe4 g6 26.hxg6 hxg6 27.Bh6 Nxe5 28.dxe5 Bg7 29.Bg5 Ne7
30.Qh4 Rxd1 31.Rxd1 Nd5 32.Bf6 Bxf6 33.exf6 Qe5 34.Be4 Qxf6 35.Qg4 Rc4 36.Qe2 Rd4
37.Bxd5 Rxd5 38.Rc1 Qd4 39.b4 Rd7 40.Qf3 Kg7 41.g3 e5 42.Kf1 Qd3+ 43.Qxd3 Rxd3
44.Rc7 Rxa3 45.Rxb7 Kf6 46.b5 e4 47.Ke2 Ke6 48.b6 axb6 49.Rxb6+ Kf5 50.Rb4 Rd3
51.Ra4 g5 52.Rb4 Ke5 53.Rb5+ Rd5 54.Rb3 f5 55.Ke3 f4+ 56.gxf4+ gxf4+ 57.Ke2 Kf5
58.Rb8 Ke5 59.Re8+ Kd4 60.Ra8 f3+ 61.Ke1 Kd3 62.Ra3+ Kc2 63.Ra2+ Kb3 64.Ra8 Rd3
65.Rb8+ Kc2 66.Rc8+ Rc3 67.Ra8 Kc1 68.Ra4 e3  1/2-1/2

[Event "34th Rilton Cup"]
[Site "Stockholm SWE"]
[Date "2005.01.02"]
[Round "6"]
[White "Molander,R"]
[Black "Vanman,K"]
[Result "1-0"]
[WhiteElo "2328"]
[BlackElo "2189"]

1.e4 c5 2.c3 Nf6 3.e5 Nd5 4.d4 cxd4 5.Nf3 e6 6.cxd4 d6 7.Bc4 Nb6 8.Bd3 Nc6
9.O-O dxe5 10.dxe5 Nb4 11.Be4 Qxd1 12.Rxd1 f5 13.exf6 gxf6 14.Nc3 a6 15.a3 Nc6
16.Bb1 Bd7 17.Ba2 Na5 18.Ne4 Ba4 19.Nxf6+ Kf7 20.Re1 Bb3 21.Bd2 Bxa2 22.Bxa5 Nc4
23.Bc3 Bg7 24.Ng5+ Kg6 25.Rxa2 Bxf6 26.Rxe6 Rhe8 27.Rxf6+ Kxg5 28.h4+ Kxh4
29.Rf4+  1-0

[Event "34th Rilton Cup"]
[Site "Stockholm SWE"]
[Date "2005.01.02"]
[Round "6"]
[White "Mardell,Ji"]
[Black "Lindberg,H"]
[Result "1/2-1/2"]
[WhiteElo "2078"]
[BlackElo "2218"]

1.e4 c5 2.c3 Nf6 3.e5 Nd5 4.d4 cxd4 5.Nf3 e6 6.cxd4 b6 7.Nc3 Nxc3 8.bxc3 Qc7
9.Bd2 Bb7 10.Bd3 d6 11.O-O Nd7 12.Ng5 dxe5 13.Qh5 g6 14.Qh3 Be7 15.Rae1 Bd5
16.f4 exd4 17.cxd4 Bf6 18.Re5 Nxe5 19.fxe5 Bxg5 20.Bxg5 h5 21.Bf6 Rh7 22.Bb5+ Kf8
23.Qa3+ Kg8 24.Rc1 Qb7 25.Ba6 Qd7 26.Qd6 Qa4 27.Bc8 Qxd4+ 28.Kh1 Rg7 29.Qd8+ Kh7
30.Qf8 Bxg2+ 31.Kxg2 Qd2+ 32.Kf3 Qd3+ 33.Kf2 Qd2+ 34.Kf3 Qd3+  1/2-1/2

[Event "XI Open A"]
[Site "Bosnjaci CRO"]
[Date "2005.01.03"]
[Round "1"]
[White "Savic,Miod1"]
[Black "Polajzer,D"]
[Result "1-0"]
[WhiteElo "2503"]
[BlackElo "2382"]

1.e4 c5 2.c3 Nf6 3.e5 Nd5 4.Nf3 e6 5.g3 d6 6.Bg2 Nc6 7.exd6 Bxd6 8.O-O O-O
9.d4 cxd4 10.Nxd4 Nxd4 11.Qxd4 Qc7 12.Nd2 Bc5 13.Qe4 Bd7 14.Nb3 Bb5 15.Re1 Rad8
16.Bg5 Rd7 17.c4 Bxc4 18.Nxc5 Qxc5 19.Rac1 Nb6 20.Be3 Qb5 21.a4 Qb3 22.a5 Bd5
23.Qc2 Qxc2 24.Rxc2 Nc8 25.Rec1 Ne7 26.Rc7 Rxc7 27.Rxc7 Rc8 28.Rxe7  1-0

[Event "XI Open A"]
[Site "Bosnjaci CRO"]
[Date "2005.01.04"]
[Round "2"]
[White "Pucovski,M"]
[Black "Zivanic,M"]
[Result "0-1"]
[WhiteElo "2321"]
[BlackElo "2435"]

1.e4 c5 2.c3 Nf6 3.e5 Nd5 4.d4 cxd4 5.Nf3 e6 6.cxd4 d6 7.a3 Bd7 8.Bd3 Be7
9.O-O Bc6 10.Nc3 Nxc3 11.bxc3 Nd7 12.exd6 Bxd6 13.Ng5 Nf6 14.c4 O-O 15.Qc2 h6
16.Nf3 Ng4 17.Be4 Qc7 18.h3 Bxe4 19.Qxe4 Nf6 20.Qe2 Rac8 21.c5 Be7 22.Rb1 Nd5
23.Rb3 b6 24.cxb6 axb6 25.Ne5 Qc2 26.Qxc2 Rxc2 27.Be3 Ra8 28.Ra1 Rc3 29.Rxc3 Nxc3
30.Nc6 Bxa3 31.Bd2 Nb5 32.Rb1 Nd6 33.Ra1 Nc4 34.Bb4 Ra4 35.Bxa3 Nxa3 36.Ne5 b5
37.Rc1 Nc4 38.Nf3 f6 39.g3 Kf7 40.Kg2 Ke7  0-1

[Event "1st GM"]
[Site "Mataro ESP"]
[Date "2005.01.04"]
[Round "8"]
[White "Narciso Dublan,M"]
[Black "Comas Fabrego,L"]
[Result "1/2-1/2"]
[WhiteElo "2487"]
[BlackElo "2509"]

1.e4 c5 2.c3 Nf6 3.e5 Nd5 4.d4 cxd4 5.Nf3 e6 6.cxd4 d6 7.Bc4 Nc6 8.O-O Be7
9.Bxd5 exd5 10.Bf4 O-O 11.Nc3 Be6 12.Re1 dxe5 13.Nxe5 Rc8 14.Rc1 Nxe5 15.Bxe5 Qd7
16.Qd3 Rfe8 17.Qg3 f6 18.Bf4 Bf8 19.Qd3 a6 20.h3 Bf7 21.Bd2 Rxe1+ 22.Rxe1 Bg6
23.Qf3 Bf7  1/2-1/2